000 00508nam a22002051a 4500
001 359
003 OSt
005 20260204211649.0
008 031126s1985||||mx ||||||b||||||||||spa||
020 _a9682402 02093
050 _a158.7 D922p
082 _a158.7 D922p
100 _aDunette, Marvin. D.
245 _aPsicología industrial / Marvin D. Dunette
264 _aMéxico : Trillas
300 _a261 p.
500 _aIncluye bibliografía
650 _a1.Psicología IndustrialÌ
942 _2ddc
_cBK
999 _c359
_d359